00223nam a2200073Ia 4500008004100000082000800041100002500049245007500074240331s9999 xx 000 0 und d bLIB aWomen Commission. ed 0aLiberty denied :bwomen seeking asylum imprisoned in the United States